[Event "Sparkassen-Open J"]
[Site "Heusenstamm, Martinsee"]
[Date "2022.11.18"]
[Round "1.1"]
[White "Sydykov, Bayastan"]
[Black "Löffelholz, Jonas"]
[Result "1-0"]
[WhiteElo "1681"]
[BlackElo "1077"]
[PlyCount "37"]
[EventDate "2022.??.??"]
[WhiteTeam "SK 1858 Gießen"]
[BlackTeam "1. Eichsfelder Sportclub"]

1. e4 c5 2. c3 d6 3. d4 cxd4 4. cxd4 a6 5. Nf3 Nf6 6. Nc3 e6 7. Bd3 Be7 8. O-O
O-O 9. Qe2 d5 10. e5 Nh5 11. g4 Nf6 12. exf6 Bxf6 13. g5 Be7 14. Ne5 f6 15.
Bxh7+ Kxh7 16. Qh5+ Kg8 17. g6 Re8 18. Nf7 Qc7 19. Qh8# 1-0

[Event "Sparkassen-Open J"]
[Site "Heusenstamm, Martinsee"]
[Date "2022.11.18"]
[Round "1.2"]
[White "Baumgart, Jost"]
[Black "Rudolph, Alexander"]
[Result "0-1"]
[WhiteElo "1067"]
[BlackElo "1434"]
[PlyCount "58"]
[EventDate "2022.??.??"]
[WhiteTeam "SK Marburg 1931/72"]
[BlackTeam "SK Tarrasch München"]

1. e4 c5 2. Nf3 e6 3. Nc3 Nc6 4. b3 a6 5. a4 d5 6. d4 dxe4 7. Nxe4 cxd4 8. Bb2
Qa5+ 9. c3 dxc3 10. Bxc3 Bb4 11. Nd6+ Ke7 12. Bxb4 Qxb4+ 13. Qd2 Qxd2+ 14. Nxd2
Nf6 15. Rd1 Kxd6 16. Nc4+ Ke7 17. Nb6 Rb8 18. Be2 Nd5 19. Nxd5+ exd5 20. Rxd5
Be6 21. Rd3 Rhd8 22. Rxd8 Rxd8 23. O-O Bxb3 24. Re1 Kd6 25. Rb1 Nd4 26. Bg4 f5
27. Bxf5 Nxf5 28. Rxb3 Kc5 29. g3 b5 0-1

[Event "Sparkassen-Open J"]
[Site "Heusenstamm, Martinsee"]
[Date "2022.11.18"]
[Round "1.3"]
[White "Himmelspacht, Maxim"]
[Black "Riazi, Dominik"]
[Result "1-0"]
[WhiteElo "1538"]
[BlackElo "1034"]
[PlyCount "105"]
[EventDate "2022.??.??"]
[WhiteTeam "SK 1858 Gießen"]
[BlackTeam "SV Frankfurt Nord 1926"]

1. e4 e5 2. Nf3 Nc6 3. d4 exd4 4. Nxd4 Bc5 5. Be3 Bb6 6. Bc4 Nf6 7. Nc3 Ba5 8.
Qf3 O-O 9. Nxc6 bxc6 10. e5 Ne8 11. O-O d5 12. Bb3 d4 13. Rad1 Bb7 14. e6 Nd6
15. exf7+ Kh8 16. Rxd4 c5 17. Rxd6 Qxd6 18. Qxb7 Rfb8 19. Qe4 Rd8 20. Qf5 Rd7
21. Bxc5 Rxf7 22. Qxf7 Qxc5 23. Re1 Qf8 24. Re7 Bxc3 25. bxc3 Rd8 26. Qxf8+
Rxf8 27. Ba4 Kg8 28. Bb3+ Kh8 29. Ba4 Kg8 30. Re8 Rxe8 31. Bxe8 Kf8 32. Bh5 Ke7
33. Kf1 Kd6 34. Ke2 Kc5 35. Kd3 Kb5 36. Be8+ c6 37. Kd4 a5 38. h4 Ka4 39. Bxc6+
Ka3 40. Bd5 Kb2 41. c4 Kxa2 42. c5+ Kb2 43. c6 a4 44. c7 Kc1 45. c8=Q a3 46.
Qb7 Kd2 47. Qb4+ Kd1 48. Bf3+ Kc1 49. Qxa3+ Kb1 50. c4 Kc2 51. Qa2+ Kc1 52. Kc3
g6 53. Qc2# 1-0

[Event "Sparkassen-Open J"]
[Site "Heusenstamm, Martinsee"]
[Date "2022.11.18"]
[Round "1.4"]
[White "Weyerer, Elea"]
[Black "Draude, Theo"]
[Result "0-1"]
[WhiteElo "1018"]
[BlackElo "1208"]
[PlyCount "102"]
[EventDate "2022.??.??"]
[WhiteTeam "SV Oberursel"]
[BlackTeam "SF Korbach"]

1. d4 Nf6 2. Bf4 d5 3. e3 Bf5 4. c4 e6 5. Nc3 Bd6 6. Bxd6 cxd6 7. Qb3 dxc4 8.
Bxc4 d5 9. Bb5+ Nbd7 10. Rc1 Rc8 11. Nf3 a6 12. Bxd7+ Qxd7 13. Ne5 Qe7 14. O-O
O-O 15. Ne2 Ne4 16. Rfd1 f6 17. Nd3 Qd7 18. f3 Rxc1 19. Rxc1 Nd2 20. Qc2 Nc4
21. Kf2 Bxd3 22. Qxd3 Nxb2 23. Qc2 Nc4 24. e4 Rc8 25. Qb3 b5 26. Nf4 dxe4 27.
Qc3 Qd6 28. g3 exf3 29. Qxf3 Qxd4+ 30. Kg2 Qd2+ 31. Ne2 Ne3+ 32. Qxe3 Qxe3 33.
Rxc8+ Kf7 34. Rc7+ Ke8 35. Nf4 Qd2+ 36. Kh3 Qxa2 37. Nxe6 Qxe6+ 38. Kg2 b4 39.
Kf2 Qb6+ 40. Kf3 Qxc7 41. g4 b3 42. g5 b2 43. gxf6 b1=Q 44. fxg7 Qxg7 45. h4
Qf1+ 46. Ke3 Qe7+ 47. Kd4 Qd1+ 48. Kc4 Qc7+ 49. Kb4 Qb1+ 50. Ka4 Qc4+ 51. Ka5
Qcb5# 0-1

[Event "Sparkassen-Open J"]
[Site "Heusenstamm, Martinsee"]
[Date "2022.11.18"]
[Round "1.5"]
[White "Sreeramulu, Aarush"]
[Black "Feick, Claas Marten"]
[Result "1-0"]
[WhiteElo "1526"]
[BlackElo "1016"]
[PlyCount "161"]
[EventDate "2022.??.??"]
[WhiteTeam "SK Marburg 1931/72"]
[BlackTeam "SF Neuberg"]

1. d4 d5 2. c4 e6 3. Nc3 Nf6 4. Bg5 Be7 5. e3 O-O 6. Nf3 h6 7. Bh4 b6 8. cxd5
Nxd5 9. Bxe7 Qxe7 10. Qc2 Bb7 11. Be2 Nd7 12. O-O c5 13. Rac1 cxd4 14. Nxd4
Rac8 15. Qd2 Nxc3 16. Rxc3 Rxc3 17. Qxc3 Qg5 18. Nf3 Bxf3 19. Bxf3 Ne5 20. Be2
h5 21. f4 Qd8 22. fxe5 g6 23. Qd4 Qc8 24. Qd2 Rd8 25. Bd3 Qc5 26. Qe2 Qxe5 27.
Qf2 f5 28. Bc4 b5 29. Bb3 a5 30. Qf4 Qf6 31. e4 Qd4+ 32. Kh1 Qxe4 33. Qxe4 fxe4
34. Bxe6+ Kg7 35. Rf7+ Kh6 36. Rd7 Rf8 37. Kg1 e3 38. Rd1 Re8 39. Bd7 Re5 40.
g3 g5 41. Kg2 g4 42. Re1 Rd5 43. Be6 Re5 44. Bc8 Rc5 45. Ba6 Re5 46. Re2 Kg5
47. Bc8 Re8 48. Bd7 Re5 49. h3 b4 50. h4+ Kf6 51. Kf1 Ke7 52. Bc8 Kd8 53. Bb7
Kc7 54. Bg2 Kd6 55. Rc2 Rf5+ 56. Ke2 Rf2+ 57. Kd3 Rxc2 58. Kxc2 Kc5 59. Kd3 e2
60. Kxe2 Kc4 61. Bc6 b3 62. a3 Kc5 63. Be8 Kd6 64. Bxh5 Ke6 65. Bxg4+ Kf6 66.
h5 Kg5 67. Ke3 Kh6 68. Bd1 a4 69. Kf4 Kh7 70. g4 Kh6 71. g5+ Kh7 72. Kf5 Kh8
73. Kg6 Kg8 74. Kh6 Kf7 75. g6+ Ke7 76. g7 Kf6 77. g8=Q Ke5 78. Qg7+ Kd5 79.
Bf3+ Kc5 80. Qd7 Kc4 81. Qd5# 1-0

[Event "Sparkassen-Open J"]
[Site "Heusenstamm, Martinsee"]
[Date "2022.11.18"]
[Round "1.6"]
[White "Schwab, Florentin"]
[Black "Stehning, Toni"]
[Result "0-1"]
[WhiteElo "1005"]
[BlackElo "1505"]
[PlyCount "120"]
[EventDate "2022.??.??"]
[WhiteTeam "SC Aschaffenburg"]
[BlackTeam "SF Braunfels"]

1. e4 e5 2. Nf3 Nc6 3. Bb5 a6 4. Ba4 Nf6 5. d3 Bc5 6. O-O d6 7. c3 O-O 8. Nbd2
b5 9. Bb3 Bb6 10. Re1 Ne7 11. Nf1 Ng6 12. Ng3 c6 13. h3 h6 14. Be3 Re8 15. Qd2
Bxe3 16. Qxe3 Nf4 17. Ne2 N6h5 18. Nxf4 Nxf4 19. a3 Qf6 20. Nh2 Qg6 21. Qg3
Qxg3 22. fxg3 Nxd3 23. Rf1 Be6 24. Bxe6 fxe6 25. b4 Nb2 26. Rf3 Nc4 27. Nf1 Rf8
28. Rxf8+ Rxf8 29. a4 d5 30. exd5 exd5 31. axb5 axb5 32. Ra2 Kh7 33. Nd2 Nxd2
34. Rxd2 Kg6 35. g4 Rf4 36. Rf2 Rxf2 37. Kxf2 Kf6 38. Kf3 g5 39. Ke3 Ke6 40. g3
Kd6 41. Kd3 c5 42. bxc5+ Kxc5 43. h4 b4 44. cxb4+ Kxb4 45. hxg5 hxg5 46. Ke3
Kc5 47. Kd3 e4+ 48. Ke3 Kc4 49. Kf2 Kd3 50. Ke1 e3 51. Kd1 e2+ 52. Ke1 d4 53.
Kf2 Kd2 54. Kf3 e1=Q 55. Kg2 Qe2+ 56. Kh3 Qf3 57. Kh2 Ke3 58. Kg1 Ke2 59. Kh2
Kf2 60. Kh3 Qg2# 0-1

[Event "Sparkassen-Open J"]
[Site "Heusenstamm, Martinsee"]
[Date "2022.11.18"]
[Round "1.7"]
[White "Dietrich, Fabian"]
[Black "Henzelmann, Matthias"]
[Result "1-0"]
[WhiteElo "1471"]
[BlackElo "980"]
[PlyCount "81"]
[EventDate "2022.??.??"]
[WhiteTeam "SK Marburg 1931/72"]
[BlackTeam "SC Heuchelheim"]

1. e4 e5 2. Nf3 Nc6 3. d4 exd4 4. Bc4 Nf6 5. e5 Ne4 6. O-O d5 7. Bb5 Bd7 8.
Nxd4 Nxe5 9. Bxd7+ Nxd7 10. Re1 Be7 11. Nf5 O-O 12. f3 Nef6 13. Nxe7+ Kh8 14.
Nxd5 c6 15. Nxf6 Nxf6 16. Nc3 Qb6+ 17. Kh1 Rad8 18. Qe2 Rfe8 19. Qf1 Rd7 20.
Rxe8+ Nxe8 21. Qe2 Rd8 22. Bf4 Qxb2 23. Re1 h6 24. Nd1 Qxa2 25. Qe7 Rc8 26. Qd7
Ra8 27. Rxe8+ Rxe8 28. Qxe8+ Kh7 29. Qe4+ Kg8 30. Qd3 Qe6 31. Kg1 Qe1+ 32. Qf1
Qb4 33. g3 Qc5+ 34. Qf2 Qd5 35. Nc3 Qc4 36. Ne4 a5 37. Qc5 Qa6 38. Bd2 a4 39.
Bc3 a3 40. Qd4 a2 41. Qxg7# 1-0

[Event "Sparkassen-Open J"]
[Site "Heusenstamm, Martinsee"]
[Date "2022.11.18"]
[Round "1.8"]
[White "Biallas, Flynn"]
[Black "González Peisker, Mateo"]
[Result "0-1"]
[WhiteElo "998"]
[BlackElo "1455"]
[PlyCount "90"]
[EventDate "2022.??.??"]
[WhiteTeam "SK Marburg 1931/72"]
[BlackTeam "SV Multatuli Ingelheim"]

1. e4 c6 2. d4 d5 3. Nc3 dxe4 4. Nxe4 Bf5 5. Bd3 g6 6. Nf3 Bg7 7. c3 Nd7 8. Bf4
Bxe4 9. Bxe4 Ngf6 10. Qd3 O-O 11. O-O Re8 12. Rfe1 Nxe4 13. Rxe4 Nf6 14. Re3
Nd5 15. Re2 Nxf4 16. Qe4 Nxe2+ 17. Qxe2 Qc7 18. Qe4 Rad8 19. Ng5 e5 20. Qh4 h6
21. Ne4 exd4 22. cxd4 Rxd4 23. Nf6+ Bxf6 24. Qxf6 Qe5 25. Qxe5 Rxe5 26. h3 Red5
27. Re1 Rd1 28. Rf1 Rxf1+ 29. Kxf1 Kg7 30. g4 g5 31. Kg2 Kf6 32. Kg3 Rd3+ 33.
f3 Ke5 34. h4 Kd4 35. hxg5 hxg5 36. Kf2 Rd2+ 37. Ke1 Rxb2 38. Kd1 Ke3 39. Kc1
Rg2 40. Kb1 Kd3 41. Kc1 Rh2 42. a3 b5 43. Kb1 Kc3 44. Ka1 Kb3 45. f4 Rh1# 0-1

[Event "Sparkassen-Open J"]
[Site "Heusenstamm, Martinsee"]
[Date "2022.11.18"]
[Round "1.9"]
[White "Will, Elina"]
[Black "Kanno, Gabriel"]
[Result "1-0"]
[WhiteElo "1381"]
[BlackElo "953"]
[PlyCount "68"]
[EventDate "2022.??.??"]
[WhiteTeam "TuS Makkabi Wiesbaden"]
[BlackTeam "SF Essen-Werden 1924/80"]

1. e4 e5 2. Nf3 Nc6 3. d4 Bb4+ 4. c3 Ba5 5. dxe5 d6 6. exd6 cxd6 7. Bf4 Bc7 8.
Bc4 Nf6 9. Nbd2 O-O 10. O-O Bg4 11. Re1 Nh5 12. Bg5 Nf6 13. h3 Bh5 14. Qc2 Ne5
15. Nxe5 dxe5 16. f3 Bg6 17. Rad1 Bb6+ 18. Kh1 h6 19. Bh4 Rc8 20. Bb3 Qe7 21.
Nc4 Rfd8 22. Nxb6 axb6 23. Rxd8+ Rxd8 24. Rd1 Rxd1+ 25. Qxd1 Kf8 26. Bxf6 gxf6
27. Qd5 f5 28. exf5 Bxf5 29. Qc4 Qd7 30. Qb4+ Kg7 31. Qxb6 Bd3 32. Qc5 f6 33.
Qd5 Qf5 34. Qxb7+ Qd7 1-0

[Event "Sparkassen-Open J"]
[Site "Heusenstamm, Martinsee"]
[Date "2022.11.18"]
[Round "1.10"]
[White "Noll, Raphael"]
[Black "Meitzner, Johan Eduard"]
[Result "0-1"]
[WhiteElo "943"]
[BlackElo "1191"]
[PlyCount "76"]
[EventDate "2022.??.??"]
[WhiteTeam "SK Marburg 1931/72"]
[BlackTeam "1. Eichsfelder Sportclub"]

1. e4 c5 2. Nf3 d6 3. d3 Nf6 4. Nc3 e6 5. d4 cxd4 6. Qxd4 e5 7. Qd1 Nbd7 8. Bg5
Be7 9. Bb5 O-O 10. O-O Nc5 11. Re1 Be6 12. b4 Ncd7 13. Be3 Rc8 14. Qd2 h6 15.
Bxd7 Qxd7 16. Nd5 Nxd5 17. exd5 Bf5 18. c3 a6 19. Bb6 Bg4 20. Qd3 f5 21. Nd2
Bf6 22. h3 Bh5 23. Rac1 e4 24. Qg3 Be5 25. Qh4 Bf7 26. Bd4 Bxd4 27. cxd4 Bxd5
28. f3 exf3 29. Nxf3 Bxf3 30. gxf3 Rfe8 31. Qh5 Rxe1+ 32. Rxe1 Qa4 33. Re7 Qd1+
34. Kg2 Qxd4 35. Rxb7 Qd2+ 36. Kg3 f4+ 37. Kg4 Qg2+ 38. Kh4 Qg3# 0-1

[Event "Sparkassen-Open J"]
[Site "Heusenstamm, Martinsee"]
[Date "2022.11.18"]
[Round "1.11"]
[White "Papadopoulos, Kyriakos"]
[Black "Pogge von Strandmann, Paul"]
[Result "1-0"]
[WhiteElo "1331"]
[BlackElo "939"]
[PlyCount "94"]
[EventDate "2022.??.??"]
[WhiteTeam "VSG 1880 Offenbach"]
[BlackTeam "SK Marburg 1931/72"]

1. e4 e5 2. Nf3 Nc6 3. d4 exd4 4. Nxd4 Bc5 5. Be3 Bxd4 6. Bxd4 Nxd4 7. Qxd4 Qf6
8. Qxf6 Nxf6 9. Nc3 d6 10. Bd3 O-O 11. O-O-O c6 12. Bc4 Re8 13. Rxd6 h6 14. Re1
Be6 15. Bxe6 Rxe6 16. Rdd1 Rae8 17. f3 Re5 18. a3 Nd5 19. Na4 f5 20. g3 fxe4
21. fxe4 Rxe4 22. Rxe4 Rxe4 23. Nc5 Re7 24. a4 b6 25. Nb3 Re2 26. Nd4 Rxh2 27.
Nxc6 a6 28. Rxd5 Rh1+ 29. Rd1 Rh3 30. Rg1 Rh5 31. Nb8 a5 32. Nd7 b5 33. axb5
Rxb5 34. b3 Rb7 35. Nc5 Ra7 36. Rd1 Kh7 37. Rd7 Ra8 38. Ne6 Re8 39. Nxg7 Re1+
40. Kd2 Rg1 41. Nf5+ Kg6 42. Rd5 Rf1 43. Nh4+ Kh7 44. Rxa5 Rg1 45. Ra7+ Kh8 46.
Nf5 h5 47. b4 Re1 1-0

[Event "Sparkassen-Open J"]
[Site "Heusenstamm, Martinsee"]
[Date "2022.11.18"]
[Round "1.12"]
[White "Paschedag, Vivien"]
[Black "Hochmuth, Lukas Emanuel"]
[Result "1-0"]
[WhiteElo "919"]
[BlackElo "1324"]
[PlyCount "73"]
[EventDate "2022.??.??"]
[WhiteTeam "SC Heusenstamm"]
[BlackTeam "SC Bad Nauheim"]

1. e4 c6 2. Nf3 d5 3. Nc3 Bg4 4. d4 e6 5. Be2 Be7 6. e5 c5 7. O-O Nc6 8. Re1
Bxf3 9. Bxf3 Nxd4 10. Bg4 Bg5 11. f4 Bh6 12. Rf1 Ne7 13. Be3 Qb6 14. Na4 Qa5
15. b3 Ndc6 16. Nxc5 b6 17. Nb7 Qa6 18. Nd6+ Kf8 19. Bd2 Nc8 20. Be2 b5 21.
Nxb5 Qb6+ 22. Kh1 a6 23. Nc3 Ke7 24. Qe1 Nd4 25. Bd3 Na7 26. Na4 Qc6 27. Rc1
Rac8 28. Bb4+ Ke8 29. Qf2 Ndb5 30. c4 dxc4 31. bxc4 Nc7 32. Rb1 Qxa4 33. Qxa7
Qxa2 34. g3 Qa4 35. Qb7 Qd7 36. Be4 Qd4 37. Qxc8+ 1-0

[Event "Sparkassen-Open J"]
[Site "Heusenstamm, Martinsee"]
[Date "2022.11.18"]
[Round "1.13"]
[White "Jung, Felix"]
[Black "Kollmer, Otto"]
[Result "1-0"]
[WhiteElo "1315"]
[BlackElo "880"]
[PlyCount "68"]
[EventDate "2022.??.??"]
[WhiteTeam "SK Marburg 1931/72"]
[BlackTeam "VSG 1880 Offenbach"]

1. e4 e5 2. Bc4 Nf6 3. Nc3 Nc6 4. Nf3 Bc5 5. d3 O-O 6. Bg5 h6 7. Bh4 d6 8. h3
Be6 9. Bd5 Rb8 10. O-O Nd4 11. Bxe6 fxe6 12. Nxd4 Bxd4 13. Qd2 Qd7 14. Rab1 a6
15. Ne2 Bb6 16. Ng3 Qf7 17. c3 g5 18. Bxg5 hxg5 19. Qxg5+ Qg7 20. Qh4 Rf7 21.
Kh2 Rbf8 22. f3 Qg6 23. Ne2 Rg7 24. g4 Rh7 25. Qg3 Qh6 26. g5 Qg6 27. gxf6
Qxg3+ 28. Nxg3 Rxf6 29. b4 Rg7 30. Nh5 Rfg6 31. Nxg7 Rxg7 32. Rb2 Be3 33. Rg2
Rxg2+ 34. Kxg2 Bd2 1-0

[Event "Sparkassen-Open J"]
[Site "Heusenstamm, Martinsee"]
[Date "2022.11.18"]
[Round "1.14"]
[White "Ninnemann, Patrick"]
[Black "Kim, David"]
[Result "0-1"]
[WhiteElo "875"]
[BlackElo "1312"]
[PlyCount "120"]
[EventDate "2022.??.??"]
[WhiteTeam "SC Bad Soden"]
[BlackTeam "SV 1920 Hofheim"]

1. e4 e5 2. Nf3 Nc6 3. Bc4 Bc5 4. c3 Nf6 5. d4 exd4 6. cxd4 Bb4+ 7. Bd2 Bxd2+
8. Nbxd2 d6 9. Bb5 O-O 10. O-O Bg4 11. Qc2 Rb8 12. Rfe1 Re8 13. d5 a6 14. Bxc6
bxc6 15. dxc6 Bxf3 16. Nxf3 Rb5 17. Nd4 Rb4 18. Qc3 Rb6 19. Qc2 Qb8 20. b3 Rb4
21. a3 Rxd4 22. f3 Qb6 23. Kh1 Rd8 24. Rad1 Qc5 25. Qxc5 dxc5 26. Rxd4 Rxd4 27.
Kg1 Rd3 28. Rb1 a5 29. a4 Kf8 30. Rb2 Rc3 31. Kf2 c4 32. b4 axb4 33. Rxb4 Rc2+
34. Ke1 c3 35. Rc4 Ra2 36. Kd1 Ne8 37. Rxc3 Rxa4 38. e5 g6 39. g4 Ng7 40. Rd3
Ra8 41. f4 Ke8 42. Rd7 Rd8 43. Rd2 Ne6 44. f5 gxf5 45. gxf5 Rxd2+ 46. Kxd2 Nd4
47. f6 Nf3+ 48. Ke3 Nxe5 49. Ke4 Nxc6 50. Kd5 Na7 51. Kc5 Kd7 52. Kd5 Nb5 53.
Kc5 Nd6 54. Kd5 Nf5 55. Ke5 Ne3 56. Kf4 Nf1 57. h4 Ke6 58. Kg5 c5 59. Kh6 Kxf6
60. Kxh7 Ng3 0-1

[Event "Sparkassen-Open J"]
[Site "Heusenstamm, Martinsee"]
[Date "2022.11.18"]
[Round "1.15"]
[White "Rafikova, Ailin"]
[Black "Vasudevan, Ananya"]
[Result "1-0"]
[WhiteElo "1238"]
[BlackElo "874"]
[PlyCount "131"]
[EventDate "2022.??.??"]
[WhiteTeam "SK Sandhausen"]
[BlackTeam "SK Langen"]

1. e4 g6 2. d4 Bg7 3. Nf3 c5 4. c3 cxd4 5. cxd4 e6 6. Nc3 Ne7 7. Bf4 f5 8. Nb5
Qa5+ 9. Qd2 Qxd2+ 10. Nxd2 Na6 11. Nd6+ Kf8 12. e5 Nb4 13. Kd1 Ned5 14. Bg5 Nc6
15. Rc1 Nxd4 16. Rxc8+ Rxc8 17. Nxc8 Bxe5 18. Nxa7 Kf7 19. Nb5 Ra8 20. a3 Ra5
21. Nc4 Rxb5 22. Nxe5+ Ke8 23. Bxb5 Nxb5 24. Kc2 Nd4+ 25. Kb1 d6 26. Nc4 b5 27.
Nxd6+ Kd7 28. Nf7 b4 29. Ne5+ Kd6 30. Nf3 Ne2 31. axb4 Nxb4 32. Re1 Nd4 33.
Nxd4 Nd3 34. Bh4 Nxe1 35. g3 Ng2 36. Nf3 h6 37. Bf6 Kd5 38. Kc2 Ke4 39. b4 Kd5
40. Kd2 Kc4 41. Be7 Kb5 42. Ke2 g5 43. Kf1 g4 44. Nd4+ Kb6 45. Nxe6 f4 46. Kxg2
fxg3 47. Kxg3 h5 48. Kf4 Kb5 49. Kg5 Kb6 50. Kxh5 g3 51. fxg3 Kb7 52. g4 Kc8
53. g5 Kd7 54. g6 Kxe7 55. Kh6 Kxe6 56. g7 Kf7 57. Kh7 Ke8 58. g8=Q+ Ke7 59.
Qg6 Kd7 60. Qg7+ Ke8 61. Kg6 Kd8 62. Kf6 Kc8 63. Ke6 Kb8 64. Kd6 Ka8 65. Kc6
Kb8 66. Qb7# 1-0

[Event "Sparkassen-Open J"]
[Site "Heusenstamm, Martinsee"]
[Date "2022.11.18"]
[Round "1.16"]
[White "Paul, Jenna"]
[Black "Meitzner, Jonathan Franz"]
[Result "0-1"]
[WhiteElo "868"]
[BlackElo "1302"]
[PlyCount "72"]
[EventDate "2022.??.??"]
[WhiteTeam "TV-Großostheim"]
[BlackTeam "1. Eichsfelder Sportclub"]

1. d4 Nf6 2. Nf3 g6 3. Nc3 Bg7 4. e4 d6 5. Bd3 O-O 6. h3 Nbd7 7. O-O e5 8. dxe5
dxe5 9. Bb5 c6 10. Bc4 Qc7 11. Qd3 b5 12. Bb3 Ba6 13. Be3 Qb7 14. a4 b4 15. Qd6
Bxf1 16. Rxf1 bxc3 17. bxc3 Nxe4 18. Qd3 Ndc5 19. Bxc5 Nxc5 20. Qc4 Nxb3 21.
cxb3 Rab8 22. b4 Rbe8 23. Rd1 e4 24. Nd4 Rc8 25. Re1 Rfe8 26. a5 Bxd4 27. Qxd4
Red8 28. Qxe4 Re8 29. Qb1 Rxe1+ 30. Qxe1 Rd8 31. Qe5 Qb8 32. Qe1 Rd3 33. Qe2
Qd6 34. g3 Rd1+ 35. Kg2 Qd5+ 36. Kh2 Rh1# 0-1

[Event "Sparkassen-Open J"]
[Site "Heusenstamm, Martinsee"]
[Date "2022.11.18"]
[Round "1.17"]
[White "Glavev, Danail"]
[Black "Boda Vittal, Reyansh"]
[Result "1-0"]
[WhiteElo "1289"]
[BlackElo "840"]
[PlyCount "89"]
[EventDate "2022.??.??"]
[WhiteTeam "SK Bad Homburg 1927"]
[BlackTeam "SK Langen"]

1. e4 g6 2. d4 Bg7 3. Nf3 c5 4. dxc5 Qa5+ 5. Bd2 Qxc5 6. Nc3 Qc7 7. Rb1 Nf6 8.
Bb5 O-O 9. O-O Ng4 10. h3 d6 11. hxg4 Bxg4 12. Nd5 Qc8 13. Nxe7+ Kh8 14. Nxc8
Rxc8 15. Bf4 a6 16. Ba4 Rc4 17. Bb3 Rxe4 18. Bg3 Bf8 19. Bxf7 Re7 20. Bb3 Bg7
21. Re1 Nc6 22. Rxe7 Nxe7 23. Qxd6 Nf5 24. Qb4 Bh5 25. Ng5 h6 26. Nf7+ Kh7 27.
Qxb7 Rf8 28. Re1 g5 29. Qd7 Bf6 30. Qxf5+ Bg6 31. Qd7 Rg8 32. Nxg5+ Kh8 33.
Bxg8 Kxg8 34. Nf3 Bxb2 35. c4 Bc3 36. Re8+ Bxe8 37. Qxe8+ Kg7 38. Be5+ Bxe5 39.
Qxe5+ Kg6 40. Nh4+ Kf7 41. Qd6 Ke8 42. Qc7 Kf8 43. Nf5 h5 44. Qe7+ Kg8 45. Qg7#
1-0

[Event "Sparkassen-Open J"]
[Site "Heusenstamm, Martinsee"]
[Date "2022.11.18"]
[Round "1.18"]
[White "Liu, Jonas"]
[Black "Löffelholz, Simon"]
[Result "1-0"]
[WhiteElo "834"]
[BlackElo "1264"]
[PlyCount "89"]
[EventDate "2022.??.??"]
[WhiteTeam "SV Oberursel"]
[BlackTeam "1. Eichsfelder Sportclub"]

1. e4 c5 2. Nf3 d6 3. d4 cxd4 4. Nxd4 Nf6 5. Nc3 a6 6. Be3 e5 7. Nf3 Be7 8. Bd3
O-O 9. O-O Be6 10. Qd2 d5 11. exd5 Nxd5 12. Nxe5 Nxe3 13. Qxe3 Bd6 14. Rad1 Qf6
15. Nf3 Re8 16. Bxh7+ Kxh7 17. Rxd6 Nc6 18. Ng5+ Kg8 19. Nxe6 Rxe6 20. Rxe6
Qxe6 21. Qxe6 fxe6 22. g3 Rd8 23. Kg2 Rd2 24. Rc1 Nb4 25. a3 Nxc2 26. Ne4 Ne3+
27. Kf3 Rxb2 28. fxe3 Rxh2 29. Nc5 Ra2 30. Rc3 Rb2 31. Nxe6 Rb6 32. Nf4 Rf6 33.
Kg4 Kh7 34. e4 b5 35. e5 Rf7 36. e6 Re7 37. Rd3 Kg8 38. Rd8+ Kh7 39. Rd7 Re8
40. e7 Kg8 41. Nd5 Kf7 42. Rd8 a5 43. Rxe8 Kxe8 44. Kf5 b4 45. Ke6 1-0

[Event "Sparkassen-Open J"]
[Site "Heusenstamm, Martinsee"]
[Date "2022.11.18"]
[Round "1.19"]
[White "Shymanskyi, Illia"]
[Black "Lenhard, Robert"]
[Result "1-0"]
[WhiteElo "1259"]
[BlackElo "799"]
[PlyCount "23"]
[EventDate "2022.??.??"]
[WhiteTeam "SC Steinbach"]
[BlackTeam "SV 1920 Hofheim"]

1. e4 e5 2. Nf3 Nc6 3. Bb5 Bc5 4. O-O Nf6 5. c3 a6 6. Ba4 b5 7. Bb3 Nxe4 8. d4
Bd6 9. dxe5 Nxe5 10. Nxe5 Bxe5 11. Qd5 Qe7 12. Qxa8 1-0

[Event "Sparkassen-Open J"]
[Site "Heusenstamm, Martinsee"]
[Date "2022.11.18"]
[Round "1.20"]
[White "Rafikov, Artur"]
[Black "Englert, Ann"]
[Result "0-1"]
[WhiteElo "785"]
[BlackElo "1246"]
[PlyCount "54"]
[EventDate "2022.??.??"]
[WhiteTeam "SK Sandhausen"]
[BlackTeam "TV-Großostheim"]

1. e4 c5 2. Nf3 Nc6 3. Bc4 g6 4. Nc3 Bg7 5. d3 e6 6. Be3 b6 7. O-O Nge7 8. Re1
O-O 9. Qd2 d6 10. Bh6 Re8 11. Bxg7 Kxg7 12. d4 Na5 13. Bb3 Nxb3 14. cxb3 Nc6
15. a3 Qf6 16. e5 Qd8 17. Ng5 dxe5 18. Qe3 exd4 19. Qf4 f6 20. Nh3 dxc3 21.
Rad1 Qe7 22. Qf3 Bb7 23. Qxc3 Rad8 24. Qg3 Rxd1 25. Rxd1 Rd8 26. Rxd8 Qxd8 27.
Nf4 Qd1# 0-1

[Event "Sparkassen-Open J"]
[Site "Heusenstamm, Martinsee"]
[Date "2022.11.18"]
[Round "1.21"]
[White "Kukhtichev, Maksim"]
[Black "Buntin, Amelia Bernadette"]
[Result "1-0"]
[WhiteElo "1242"]
[BlackElo "761"]
[PlyCount "71"]
[EventDate "2022.??.??"]
[WhiteTeam "SK Bad Homburg 1927"]
[BlackTeam "ZSG Grün-Weiß Waltershausen"]

1. e4 e5 2. Nf3 Nc6 3. d4 Nf6 4. d5 Ne7 5. Nc3 Ng6 6. Bg5 c6 7. Bc4 Bc5 8. a3
a5 9. Na4 Bb6 10. Nxb6 Qxb6 11. Bxf6 cxd5 12. Bxg7 Rg8 13. Bxd5 Rxg7 14. b3 a4
15. b4 Nf4 16. g3 Nh3 17. Qe2 d6 18. Qe3 Qc7 19. c4 Be6 20. Bxe6 fxe6 21. c5
dxc5 22. Qh6 Nf4 23. gxf4 exf4 24. Qxe6+ Kf8 25. e5 Re8 26. Qf6+ Rf7 27. Qh6+
Rg7 28. Rg1 Ree7 29. Rxg7 Rxg7 30. Qd6+ Qxd6 31. exd6 Ke8 32. bxc5 Kd7 33. Rb1
Kc6 34. Rc1 Kd5 35. Ke2 Re7+ 36. dxe7 1-0

[Event "Sparkassen-Open J"]
[Site "Heusenstamm, Martinsee"]
[Date "2022.11.18"]
[Round "1.22"]
[White "Wolf, Helena"]
[Black "Jung, Lukas"]
[Result "1/2-1/2"]
[WhiteElo "741"]
[BlackElo "1237"]
[PlyCount "110"]
[EventDate "2022.??.??"]
[WhiteTeam "SK Bad Homburg 1927"]
[BlackTeam "SK Marburg 1931/72"]

1. e4 e5 2. Nf3 Nc6 3. Bc4 Nf6 4. d3 Bc5 5. O-O d5 6. exd5 Nxd5 7. Re1 O-O 8.
Nxe5 Be6 9. Nxc6 bxc6 10. h3 Qf6 11. Be3 Nxe3 12. fxe3 Bxc4 13. dxc4 Qxb2 14.
Nd2 Qc3 15. Rb1 Rab8 16. Ne4 Qxc4 17. Nxc5 Qxc5 18. Rxb8 Rxb8 19. Qd2 h6 20.
Kh1 Rb2 21. Qd8+ Kh7 22. Qxc7 Rxc2 23. Qxf7 Qg5 24. Qf1 Rxa2 25. e4 Ra5 26. Qd3
Re5 27. Qd6 Qf6 28. Qd4 c5 29. Qd7 Qh4 30. Qd2 Rxe4 31. Rxe4 Qxe4 32. Qa5 c4
33. Qxa7 c3 34. Qa1 c2 35. Kg1 Qe2 36. Kh2 Qd1 37. Qa3 c1=Q 38. Qb4 Qf4+ 39.
Qxf4 h5 40. Qf5+ g6 41. Qf7+ Kh6 42. Qf4+ Kh7 43. g4 h4 44. g5 Qe2+ 45. Kg1
Qe1+ 46. Kg2 Qe2+ 47. Qf2 Qe4+ 48. Qf3 Qf5 49. Qxf5 gxf5 50. Kf3 Kg7 51. Ke3
Kf7 52. Kf3 Kg7 53. Ke3 Kf7 54. Kf3 Kg7 55. Ke3 Kf7 1/2-1/2

[Event "Sparkassen-Open J"]
[Site "Heusenstamm, Martinsee"]
[Date "2022.11.18"]
[Round "1.23"]
[White "Zargaran, Sepas"]
[Black "Filis, Leon"]
[Result "1-0"]
[WhiteElo "1222"]
[BlackElo "731"]
[PlyCount "83"]
[EventDate "2022.??.??"]
[WhiteTeam "VSG 1880 Offenbach"]
[BlackTeam "SV 1920 Hofheim"]

1. e4 d5 2. exd5 Nf6 3. Bb5+ Bd7 4. Bxd7+ Qxd7 5. Nf3 Nxd5 6. O-O Nc6 7. d3 e5
8. Re1 Bd6 9. d4 f6 10. c4 Nde7 11. c5 Bxc5 12. dxc5 Qxd1 13. Rxd1 O-O 14. Nc3
Kh8 15. Be3 Rad8 16. Nb5 Rc8 17. Rd7 Rfd8 18. Rad1 Rxd7 19. Rxd7 a6 20. Nxc7
Rd8 21. Rxd8+ Nxd8 22. Ne8 Ng6 23. Nd6 Ne7 24. Nd2 Nec6 25. a3 b5 26. Kf1 Kg8
27. Ke2 Kf8 28. Kd3 Ke7 29. Ke4 Ke6 30. Nb1 Nf7 31. Nxf7 Kxf7 32. Nc3 Ke6 33.
g4 g5 34. b4 h6 35. Nd5 a5 36. bxa5 Nxa5 37. Nc7+ Kd7 38. Nxb5 Ke6 39. Na7 Nc4
40. c6 Kd6 41. Bc5+ Kc7 42. Kf5 1-0

[Event "Sparkassen-Open J"]
[Site "Heusenstamm, Martinsee"]
[Date "2022.11.19"]
[Round "4.1"]
[White "Dietrich, Fabian"]
[Black "Sydykov, Bayastan"]
[Result "0-1"]
[WhiteElo "1471"]
[BlackElo "1681"]
[PlyCount "62"]
[EventDate "2022.??.??"]
[WhiteTeam "SK Marburg 1931/72"]
[BlackTeam "SK 1858 Gießen"]

1. e4 e6 2. d4 d5 3. exd5 exd5 4. c4 Nf6 5. Nc3 Be7 6. Nf3 O-O 7. Be3 Nc6 8.
Bd3 Nb4 9. b3 Nxd3+ 10. Qxd3 Re8 11. Ne5 dxc4 12. bxc4 Bb4 13. O-O h6 14. Rab1
Ba5 15. Rb5 c6 16. Rb3 Rxe5 17. Bxh6 gxh6 18. Qg3+ Rg5 19. Qe3 Ng4 20. Qd3 Bc7
21. f4 Bf5 22. Qf3 Qxd4+ 23. Kh1 Rg6 24. Rxb7 Ne3 25. Ne2 Qd2 26. Rg1 Re8 27.
Rxc7 Be4 28. Qh5 Nxg2 29. Ng3 Nxf4+ 30. Nxe4 Rxg1+ 31. Kxg1 Qe1# 0-1